000 00300nam a22001097a 4500
008 230623b xxu||||| |||| 00| 0 eng d
082 _a330.967
_bMUN 1976
245 _aAfrica and the International Economy 1800-1960
260 _aLondon
_bJ. M. Dent & Sons Ltd
_c1976
300 _a230p
942 _2ddc
_cBK
999 _c2545
_d2545